Aviation, Air Cargo and Logistics Management: A Manual for Air Cargo Handlers and Shippers / (Record no. 32239)

000 -LEADER
fixed length control field 00596 a2200193 4500
003 - CONTROL NUMBER IDENTIFIER
control field OSt
005 - DATE AND TIME OF LATEST TRANSACTION
control field 20260318141117.0
008 - FIXED-LENGTH DATA ELEMENTS--GENERAL INFORMATION
fixed length control field 260318b ||||| |||| 00| 0 eng d
020 ## - INTERNATIONAL STANDARD BOOK NUMBER
International Standard Book Number 979-8-88815-606-3
040 ## - CATALOGING SOURCE
Transcribing agency .
082 ## - DEWEY DECIMAL CLASSIFICATION NUMBER
Classification number 387.744
Item number M2783
100 ## - MAIN ENTRY--PERSONAL NAME
9 (RLIN) 6706
Personal name Maniriho, Emmy Arsonval
245 ## - TITLE STATEMENT
Title Aviation, Air Cargo and Logistics Management: A Manual for Air Cargo Handlers and Shippers /
Statement of responsibility, etc. Emmy Arsonval Maniriho
260 ## - PUBLICATION, DISTRIBUTION, ETC.
Name of publisher, distributor, etc. Notion Press Media Pvt Ltd
Place of publication, distribution, etc. India :
Date of publication, distribution, etc. 2022.
300 ## - PHYSICAL DESCRIPTION
Extent 228 p.
650 #0 - SUBJECT ADDED ENTRY--TOPICAL TERM
9 (RLIN) 6705
Topical term or geographic name entry element Air Cargo
9 (RLIN) 4988
Topical term or geographic name entry element Logistics Management
942 ## - ADDED ENTRY ELEMENTS (KOHA)
Source of classification or shelving scheme
Koha item type Books
Holdings
Withdrawn status Lost status Source of classification or shelving scheme Damaged status Not for loan Collection code Permanent Location Current Location Shelving location Date acquired Source of acquisition Cost, normal purchase price Full call number Barcode Date last seen Cost, replacement price Price effective from Koha item type
          Non-fiction IMU Kolkata IMU Kolkata Reference 2026-03-27 5 600.00 387.744 M2783 15100 2026-03-27 750.00 2026-03-27 Books
          Non-fiction IMU Kolkata IMU Kolkata   2026-03-27 5 600.00 387.744 M2783 15101 2026-03-27 750.00 2026-03-27 Books
          Non-fiction IMU Kolkata IMU Kolkata   2026-03-27 5 600.00 387.744 M2783 15102 2026-03-27 750.00 2026-03-27 Books
          Non-fiction IMU Kolkata IMU Kolkata   2026-03-27 5 600.00 387.744 M2783 15103 2026-03-27 750.00 2026-03-27 Books
Designed and Maintained by IMU-KC Library, Kolkata Campus © Copyright All Rights Reserved

webs counters

Powered by Koha